European Countries by Cuisine - Statistics

General Stats
  • This quiz has been taken 37 times
  • The average score is 12 of 16
Answer Stats
Picture Answer % Correct
Germany
100%
Spain
91%
United Kingdom
89%
Italy
86%
Sweden
83%
France
80%
Austria
77%
Greece
77%
Poland
77%
Ukraine
71%
Denmark
66%
Czech Republic
63%
Croatia
54%
Hungary
51%
Netherlands
51%
Ireland
46%
No matching quizzes found
Score Distribution
Percent of People with Each Score
Percentile by Number Answered
Your Score History
You have not taken this quiz